Proyecto de reglamento para el uso de la reserva de bienestar social de las cooperativas

Guardado en:
Bibliografiske detaljer
Institution som forfatter: Instituto Nacional de Fomento Cooperativo (Costa Rica)
Format: Texto
Udgivet: San José :
Tags: Tilføj Tag
Ingen Tags, Vær først til at tagge denne postø!

MARC

LEADER 00000 a a2200000 04500
001 17187
003
040
090 |a 005000  
110 |a Instituto Nacional de Fomento Cooperativo (Costa Rica)  
245 |a Proyecto de reglamento para el uso de la reserva de bienestar social de las cooperativas  
260 |a San José :  
300 |a 4 p.  
999 |c 11666  |d 11666